[Event "Paul Keres A"]
[Site "Montreal CAN"]
[Date "1995.01.24"]
[Round "3"]
[White "Bolduc, Steve"]
[Black "O'Donnell, Tom"]
[Result "0-1"]
[WhiteElo "2178"]
[BlackElo "2371"]
[PlyCount "38"]
[GameId "2160767912064869"]
[EventDate "1995.01.03"]
[EventType "tourn"]
[EventRounds "7"]
[EventCountry "CAN"]
[SourceTitle "hb 2011"]

1. d4 g6 2. Nf3 d6 3. Bg5 Bg7 4. e4 c5 5. c3 Qb6 6. Nbd2 Bg4 7. Nc4 Qc7 8. Ne3 Bxf3 9. Qxf3 cxd4 10. Nd5 Qd8 11. Bc4 Nf6 12. e5 dxe5 13. Nxf6+ exf6 14. Qxb7 Nd7 15. Bb5 O-O 16. Bxd7 fxg5 17. c4 Qe7 18. Rb1 Rab8 19. Qxa7 Qb4+ 0-1

[Event "Paul Keres A"]
[Site "Montreal CAN"]
[Date "1995.02.14"]
[Round "6"]
[White "Berube, Richard"]
[Black "O'Donnell, Tom"]
[Result "1/2-1/2"]
[WhiteElo "2272"]
[BlackElo "2371"]
[PlyCount "84"]
[GameId "2160767912130413"]
[EventDate "1995.01.03"]
[EventType "tourn"]
[EventRounds "7"]
[EventCountry "CAN"]
[SourceTitle "hb 2012"]

1. d4 d5 2. Nf3 c6 3. c4 e6 4. Nc3 Nf6 5. Bg5 h6 6. Bxf6 Qxf6 7. e3 g6 8. Bd3 Nd7 9. O-O Bg7 10. e4 dxe4 11. Nxe4 Qf4 12. Qe2 O-O 13. Rad1 e5 14. Bb1 exd4 15. Nxd4 Nf6 16. Nxf6+ Bxf6 17. Qd2 Qxd2 18. Rxd2 Rd8 19. Rfd1 Bd7 20. b3 Be8 21. Nf3 Kf8 22. Kf1 Rxd2 23. Rxd2 Rd8 24. Ke2 Rxd2+ 25. Nxd2 Ke7 26. g3 Bd7 27. h4 Bd4 28. f3 Be5 29. f4 Bg4+ 30. Ke3 Bb2 31. Be4 Bc1 32. Kd3 Kd6 33. b4 Be6 34. c5+ Ke7 35. Nc4 Bxc4+ 36. Kxc4 Be3 37. f5 gxf5 38. Bxf5 Bf2 39. g4 Bxh4 40. a4 b6 41. b5 bxc5 42. Kxc5 Bf2+ 1/2-1/2

[Event "Montreal-Toronto m"]
[Site "Kingston CAN"]
[Date "1994.09.24"]
[Round "1"]
[White "O'Donnell, Tom"]
[Black "Bekefi, Laszlo"]
[Result "1/2-1/2"]
[WhiteElo "2415"]
[BlackElo "2382"]
[PlyCount "91"]
[GameId "2160767912140264"]
[EventDate "1994.09.24"]
[EventType "team (rapid)"]
[EventRounds "1"]
[EventCountry "CAN"]
[SourceTitle "CFC 1994.12"]

1. e4 e5 2. Nf3 Nc6 3. Bb5 a6 4. Bxc6 dxc6 5. O-O f6 6. d4 exd4 7. Nxd4 c5 8. Nb3 Qxd1 9. Rxd1 Bg4 10. f3 Be6 11. Be3 b6 12. a4 Ne7 13. Nc3 Nc6 14. Nd5 O-O-O 15. Bf4 Bxd5 16. Rxd5 Rxd5 17. exd5 Nb4 18. c4 Nd3 19. Bc1 Bd6 20. Rb1 Re8 21. Bd2 Be5 22. g3 Bxb2 23. Kf1 a5 24. f4 f5 25. Rd1 Bf6 26. Bc3 Bxc3 27. Rxd3 Bb4 28. Nd2 Bxd2 29. Rxd2 Re4 30. Rc2 Re3 31. Re2 Rc3 32. Re7 Rxc4 33. Rxg7 Rd4 34. Rxh7 Kd8 35. Rh6 Rxd5 36. h4 Rd3 37. Rg6 Ke7 38. h5 Kf7 39. Ke2 Rd6 40. Rg5 Rf6 41. Kd3 Ke6 42. Kc4 Rh6 43. Rg7 Kd6 44. Rg5 Ke6 45. Rg7 Kd6 46. Rg5 1/2-1/2

[Event "CAN-ch"]
[Site "Hamilton CAN"]
[Date "1994.??.??"]
[Round "1"]
[White "O'Donnell, Tom"]
[Black "Leveille, Francois"]
[Result "0-1"]
[WhiteElo "2410"]
[BlackElo "2380"]
[PlyCount "75"]
[GameId "2160767912140436"]
[EventDate "1994.08.12"]
[EventType "tourn"]
[EventRounds "15"]
[EventCountry "CAN"]
[SourceTitle "EXT 1997"]
[Source "ChessBase"]
[SourceDate "1996.11.15"]
[SourceVersion "1"]
[SourceVersionDate "1996.11.15"]
[SourceQuality "1"]

1. e4 e5 2. Nf3 Nf6 3. Nc3 d6 4. d4 Nbd7 5. Bc4 Be7 6. O-O O-O 7. h3 c6 8. Re1 b5 9. Bf1 Bb7 10. a4 a6 11. Bg5 h6 12. Bh4 Re8 13. axb5 cxb5 14. Bxf6 Nxf6 15. d5 Qc7 16. Na2 Rec8 17. c3 Nd7 18. g3 Nb6 19. h4 f5 20. Bh3 fxe4 21. Be6+ Kh8 22. Ng5 Bxg5 23. hxg5 Rf8 24. gxh6 gxh6 25. Rxe4 Rf6 26. Rh4 Raf8 27. Qd2 Qh7 28. Rf1 Nc4 29. Qc1 e4 30. Bh3 Bxd5 31. Nb4 Bb7 32. Nc2 Ne5 33. Nd4 Bc8 34. Bg2 d5 35. Ne2 Bg4 36. Nf4 Rxf4 37. gxf4 Nd3 38. Qe3 0-1

[Event "CAN-ch"]
[Site "Hamilton CAN"]
[Date "1994.??.??"]
[Round "2"]
[White "Koliada, Timour"]
[Black "O'Donnell, Tom"]
[Result "1-0"]
[WhiteElo "2345"]
[BlackElo "2410"]
[PlyCount "73"]
[GameId "2160767912140443"]
[EventDate "1994.08.12"]
[EventType "tourn"]
[EventRounds "15"]
[EventCountry "CAN"]
[SourceTitle "EXT 1997"]
[Source "ChessBase"]
[SourceDate "1996.11.15"]
[SourceVersion "1"]
[SourceVersionDate "1996.11.15"]
[SourceQuality "1"]

1. d4 d5 2. c4 e6 3. Nc3 c6 4. g3 Nf6 5. Bg2 Be7 6. Nf3 O-O 7. O-O b6 8. Ne5 Nfd7 9. cxd5 exd5 10. Nxd5 Nxe5 11. dxe5 Bb7 12. Nxe7+ Qxe7 13. Qd6 Re8 14. Rd1 Na6 15. Qxe7 Rxe7 16. f4 c5 17. Bxb7 Rxb7 18. Rd6 h5 19. a3 Rc8 20. Bd2 Nb8 21. Bc3 b5 22. e6 fxe6 23. Rxe6 b4 24. axb4 cxb4 25. Bd4 Kf7 26. Re5 Nc6 27. Rc5 Rd8 28. Be3 Nd4 29. Kf2 Rdd7 30. Ra6 g6 31. Rc4 Nf5 32. Rcc6 Nxe3 33. Kxe3 Re7+ 34. Kf3 Rbd7 35. Rf6+ Ke8 36. Rxg6 Rd2 37. Rge6 1-0

[Event "CAN-ch"]
[Site "Hamilton CAN"]
[Date "1994.??.??"]
[Round "3"]
[White "O'Donnell, Tom"]
[Black "Berry, Jonathan"]
[Result "0-1"]
[WhiteElo "2410"]
[BlackElo "2285"]
[PlyCount "124"]
[GameId "2160767912140454"]
[EventDate "1994.08.12"]
[EventType "tourn"]
[EventRounds "15"]
[EventCountry "CAN"]
[SourceTitle "EXT 1997"]
[Source "ChessBase"]
[SourceDate "1996.11.15"]
[SourceVersion "1"]
[SourceVersionDate "1996.11.15"]
[SourceQuality "1"]

1. e4 e5 2. Nf3 Nc6 3. Bb5 g6 4. O-O Bg7 5. b3 Nge7 6. Bb2 Nd4 7. Nxd4 exd4 8. c3 c6 9. Be2 d5 10. exd5 cxd5 11. Na3 O-O 12. Nc2 Nc6 13. cxd4 Bf5 14. Bf3 Re8 15. d3 Qa5 16. b4 Qb5 17. Ne3 Be6 18. Rb1 Nxd4 19. Bxd4 Bxd4 20. Qd2 Rac8 21. Rfc1 h5 22. h3 Qd7 23. Rxc8 Rxc8 24. Rc1 Rxc1+ 25. Qxc1 Qd6 26. Nc2 Bb6 27. Qd2 Bc7 28. Nd4 Bd7 29. Qc2 Bb6 30. Qc3 Qf4 31. Ne2 Qg5 32. Qc1 Qh4 33. d4 Bb5 34. Nc3 Bc4 35. Nxd5 Bxd5 36. Bxd5 Qxd4 37. Bxb7 Qxf2+ 38. Kh1 Qxa2 39. b5 Qe2 40. Bc6 Bd4 41. Qb1 Kg7 42. Qc1 Qf2 43. Qd1 g5 44. Bd7 g4 45. Qc1 Be3 46. Qa1+ f6 47. Qb1 Kh6 48. Be8 f5 49. Qa1 Bd4 50. Qc1+ Be3 51. Qa1 Kg5 52. Bc6 Bd4 53. Qc1+ f4 54. Bd7 Kh4 55. hxg4 hxg4 56. Qb1 Kg3 57. Bc6 Qe2 58. b6 Bxb6 59. Be4 Be3 60. Bd3 Qd2 61. Bf1 Qf2 62. Qe1 a5 0-1

[Event "CAN-ch"]
[Site "Hamilton CAN"]
[Date "1994.??.??"]
[Round "5"]
[White "O'Donnell, Tom"]
[Black "Hamilton, Robert"]
[Result "1-0"]
[WhiteElo "2410"]
[BlackElo "2330"]
[PlyCount "101"]
[GameId "2160767912140472"]
[EventDate "1994.08.12"]
[EventType "tourn"]
[EventRounds "15"]
[EventCountry "CAN"]
[SourceTitle "EXT 1997"]
[Source "ChessBase"]
[SourceDate "1996.11.15"]
[SourceVersion "1"]
[SourceVersionDate "1996.11.15"]
[SourceQuality "1"]

1. c4 e5 2. Nc3 Nf6 3. g3 d6 4. Bg2 c6 5. e3 Be6 6. d3 Na6 7. Nge2 d5 8. cxd5 Nxd5 9. O-O Be7 10. Bd2 Nb6 11. d4 Nc4 12. Bc1 Qa5 13. Qa4 Qc7 14. a3 O-O 15. Qc2 Na5 16. b4 Nb3 17. Rb1 exd4 18. Nxd4 Nxd4 19. exd4 Qd7 20. Be4 f5 21. Bg2 Nc7 22. Re1 Bf6 23. Bf4 Nd5 24. Be5 Nxc3 25. Qxc3 Bd5 26. Bxd5+ Qxd5 27. Bxf6 Rxf6 28. Re5 Qa2 29. Ra1 Qf7 30. Rae1 Qh5 31. Qc4+ Kh8 32. Qc5 h6 33. Re7 Rf7 34. Rxf7 Qxf7 35. Re7 Qg6 36. Qe5 b6 37. Re6 Qh5 38. Kg2 Rc8 39. Re7 Qg6 40. Rxa7 c5 41. bxc5 bxc5 42. dxc5 f4 43. Qxf4 Qc6+ 44. Qf3 Qxc5 45. Ra8 Kh7 46. Qe4+ Kh8 47. Qb7 Rxa8 48. Qxa8+ Kh7 49. a4 h5 50. h3 g6 51. a5 1-0

[Event "CAN-ch"]
[Site "Hamilton CAN"]
[Date "1994.??.??"]
[Round "6"]
[White "Day, Lawrence"]
[Black "O'Donnell, Tom"]
[Result "0-1"]
[WhiteElo "2370"]
[BlackElo "2410"]
[PlyCount "80"]
[GameId "2160767912140478"]
[EventDate "1994.08.12"]
[EventType "tourn"]
[EventRounds "15"]
[EventCountry "CAN"]
[SourceTitle "EXT 1997"]
[Source "ChessBase"]
[SourceDate "1996.11.15"]
[SourceVersion "1"]
[SourceVersionDate "1996.11.15"]
[SourceQuality "1"]

1. e4 e6 2. d4 d5 3. Nc3 Nf6 4. e5 Nfd7 5. f4 c5 6. Nf3 Nc6 7. Be3 a6 8. Qd2 b5 9. g3 Bb7 10. Bg2 Nb6 11. b3 c4 12. O-O b4 13. Ne2 g6 14. g4 h5 15. h3 hxg4 16. hxg4 c3 17. Qd1 Qd7 18. Ne1 Qd8 19. Rf3 a5 20. Nd3 Ba6 21. Bh3 Rg8 22. Kh2 Qh4 23. Bf2 Qh7 24. Kg1 Nd7 25. a3 Kd8 26. axb4 axb4 27. Bf1 Be7 28. Rh3 Qg7 29. Ng3 Kc7 30. f5 gxf5 31. gxf5 Bxd3 32. Rxa8 Bxf5 33. Rxg8 Qxg8 34. Rh2 Qg6 35. Bd3 Bxd3 36. cxd3 Nxd4 37. Bxd4 Qxg3+ 38. Rg2 Qf4 39. Bf2 Bc5 40. d4 Qd2 0-1

[Event "CAN-ch"]
[Site "Hamilton CAN"]
[Date "1994.??.??"]
[Round "11"]
[White "Piasetski, Leon"]
[Black "O'Donnell, Tom"]
[Result "1-0"]
[WhiteElo "2365"]
[BlackElo "2410"]
[PlyCount "49"]
[GameId "2160767912140528"]
[EventDate "1994.08.12"]
[EventType "tourn"]
[EventRounds "15"]
[EventCountry "CAN"]
[SourceTitle "EXT 1997"]
[Source "ChessBase"]
[SourceDate "1996.11.15"]
[SourceVersion "1"]
[SourceVersionDate "1996.11.15"]
[SourceQuality "1"]

1. b3 e5 2. Bb2 Nc6 3. e3 Nf6 4. Bb5 d6 5. d4 exd4 6. Qxd4 Bd7 7. Qf4 Be7 8. Nc3 O-O 9. O-O-O Ne5 10. Bxd7 Qxd7 11. h3 Qc6 12. e4 Rfe8 13. Nge2 Rad8 14. Nd4 Qa6 15. Kb1 Bf8 16. Nf5 c6 17. g4 Re6 18. g5 Nfd7 19. h4 b5 20. Ne2 Nb6 21. Qg3 Qb7 22. Nf4 Ree8 23. Nh5 Nbc4 24. bxc4 bxc4 25. Ka1 1-0

[Event "CAN-ch"]
[Site "Hamilton CAN"]
[Date "1994.??.??"]
[Round "12"]
[White "O'Donnell, Tom"]
[Black "Spraggett, Grant"]
[Result "1/2-1/2"]
[WhiteElo "2410"]
[BlackElo "2320"]
[PlyCount "59"]
[GameId "2160767912140537"]
[EventDate "1994.08.12"]
[EventType "tourn"]
[EventRounds "15"]
[EventCountry "CAN"]
[SourceTitle "EXT 1997"]
[Source "ChessBase"]
[SourceDate "1996.11.15"]
[SourceVersion "1"]
[SourceVersionDate "1996.11.15"]
[SourceQuality "1"]

1. e4 c6 2. d4 d5 3. Nd2 dxe4 4. Nxe4 Nd7 5. Bd3 Ndf6 6. Ng5 Bg4 7. N5f3 e6 8. Bg5 Qb6 9. Qc1 Bd6 10. c3 Bh5 11. Nd2 Qc7 12. Ngf3 Nd5 13. O-O h6 14. Bh4 Nf4 15. Qc2 Ne7 16. Rfe1 Bxf3 17. Nxf3 Nxd3 18. Qxd3 O-O 19. Bg3 Nf5 20. Bxd6 Qxd6 21. Rad1 Rfd8 22. Ne5 Rac8 23. h3 Qc7 24. Qe4 Nd6 25. Qf3 Qe7 26. Rd2 Qg5 27. Qd1 Qe7 28. Rd3 Ne8 29. Re2 Nf6 30. Rdd2 1/2-1/2

[Event "CAN-ch"]
[Site "Hamilton CAN"]
[Date "1994.??.??"]
[Round "15"]
[White "Livshits, Ron"]
[Black "O'Donnell, Tom"]
[Result "1/2-1/2"]
[WhiteElo "2370"]
[BlackElo "2410"]
[PlyCount "25"]
[GameId "2160767912197906"]
[EventDate "1994.08.12"]
[EventType "tourn"]
[EventRounds "15"]
[EventCountry "CAN"]
[SourceTitle "EXT 1997"]
[Source "ChessBase"]
[SourceDate "1996.11.15"]
[SourceVersion "1"]
[SourceVersionDate "1996.11.15"]
[SourceQuality "1"]

1. e4 c5 2. Nf3 d6 3. d4 cxd4 4. Nxd4 Nf6 5. Nc3 Nc6 6. Bc4 Qb6 7. Ndb5 a6 8. Be3 Qa5 9. Nd4 Nxd4 10. Qxd4 e6 11. Bb3 Be7 12. h3 O-O 13. O-O 1/2-1/2

[Event "Quebec op"]
[Site "Montreal CAN"]
[Date "1994.07.23"]
[Round "1"]
[White "Yip, Michael"]
[Black "O'Donnell, Tom"]
[Result "0-1"]
[WhiteElo "1945"]
[BlackElo "2405"]
[PlyCount "34"]
[GameId "2160767912198121"]
[EventDate "1994.07.23"]
[EventType "swiss"]
[EventRounds "8"]
[EventCountry "CAN"]
[SourceTitle "EXT 94op"]

1. c4 Nc6 2. Nc3 e5 3. g3 g6 4. Bg2 Bg7 5. Rb1 f5 6. b4 Nf6 7. e3 O-O 8. Nge2 e4 9. Qb3 Ne5 10. O-O b6 11. Ba3 Nf3+ 12. Bxf3 exf3 13. c5+ Kh8 14. Nd4 Bb7 15. d3 Ng4 16. Qd1 f4 17. Bc1 fxg3 0-1

[Event "Quebec op"]
[Site "Montreal CAN"]
[Date "1994.07.24"]
[Round "2"]
[White "O'Donnell, Tom"]
[Black "Vallieres, Mario"]
[Result "1-0"]
[WhiteElo "2405"]
[BlackElo "1979"]
[PlyCount "91"]
[GameId "2160767912206327"]
[EventDate "1994.07.23"]
[EventType "swiss"]
[EventRounds "8"]
[EventCountry "CAN"]
[SourceTitle "EXT 94op"]

1. e4 e6 2. d4 d5 3. Nd2 Nf6 4. e5 Nfd7 5. f4 c5 6. c3 Nc6 7. Ndf3 cxd4 8. cxd4 Bb4+ 9. Kf2 O-O 10. g3 f5 11. Bd3 Qe7 12. Ne2 a6 13. h3 b5 14. g4 g6 15. gxf5 gxf5 16. Be3 Bb7 17. Rg1+ Kh8 18. Ng3 Rg8 19. Qe2 Ba5 20. Rg2 Rg6 21. Kg1 Rag8 22. Kh2 Qg7 23. Rag1 Bd8 24. Qf2 Qh6 25. Ng5 Bxg5 26. fxg5 Qh4 27. Ne2 Qxf2 28. Rxf2 Nd8 29. h4 Nf8 30. Nf4 R6g7 31. Nh5 Re7 32. Nf6 Rgg7 33. h5 Bc6 34. Bd2 Ra7 35. Bb4 Nd7 36. Rfg2 a5 37. Bd2 Nf8 38. g6 hxg6 39. Bh6 Nf7 40. Bxg7+ Kxg7 41. Rxg6+ Nxg6 42. Rxg6+ Kf8 43. h6 Ke7 44. h7 Ra8 45. Ng8+ Kf8 46. Rf6 1-0

[Event "Quebec op"]
[Site "Montreal CAN"]
[Date "1994.07.26"]
[Round "4"]
[White "O'Donnell, Tom"]
[Black "Maurer, Serge"]
[Result "1-0"]
[WhiteElo "2405"]
[BlackElo "1987"]
[PlyCount "85"]
[GameId "2160767912202270"]
[EventDate "1994.07.23"]
[EventType "swiss"]
[EventRounds "8"]
[EventCountry "CAN"]
[SourceTitle "EXT 94op"]

1. e4 e5 2. Nf3 Nc6 3. Bb5 a6 4. Bxc6 dxc6 5. O-O f6 6. d4 exd4 7. Nxd4 c5 8. Nb3 Qxd1 9. Rxd1 Bg4 10. f3 Be6 11. Be3 b6 12. Nc3 Bd6 13. a4 a5 14. Rd2 O-O-O 15. Rad1 Be7 16. Nb5 Rxd2 17. Rxd2 Nh6 18. Bf4 Bd8 19. Bxh6 gxh6 20. f4 f5 21. e5 Be7 22. Kf2 Rg8 23. Nc1 c6 24. Nd6+ Kc7 25. b3 Rd8 26. Nc4 Rxd2+ 27. Nxd2 b5 28. c4 b4 29. Nf1 Bf7 30. Ne3 Bg6 31. g4 fxg4 32. f5 Bh4+ 33. Kg2 Bh5 34. Ne2 Bg5 35. Kf2 Be8 36. Nxg4 Kd8 37. Kf3 Ke7 38. Ng3 h5 39. Ne3 Bd7 40. e6 Be8 41. Ne4 Bf6 42. Nxf6 Kxf6 43. Kf4 1-0

[Event "Quebec op"]
[Site "Montreal CAN"]
[Date "1994.07.27"]
[Round "5"]
[White "Saint-Pierre, Benoit"]
[Black "O'Donnell, Tom"]
[Result "0-1"]
[WhiteElo "2183"]
[BlackElo "2405"]
[PlyCount "116"]
[GameId "2160767912202285"]
[EventDate "1994.07.23"]
[EventType "swiss"]
[EventRounds "8"]
[EventCountry "CAN"]
[SourceTitle "EXT 94op"]

1. e4 c5 2. Nf3 d6 3. d4 cxd4 4. Nxd4 Nf6 5. Nc3 Nc6 6. Bc4 Qb6 7. Nb3 e6 8. Bf4 Ne5 9. Be2 a6 10. O-O Be7 11. a4 O-O 12. Be3 Qc7 13. f4 Nc4 14. Bc1 Bd7 15. Kh1 b5 16. e5 dxe5 17. fxe5 Nxe5 18. axb5 axb5 19. Rxa8 Rxa8 20. Nxb5 Qb8 21. N3d4 Ra1 22. c4 h5 23. Nb3 Neg4 24. Bf4 Rxd1 25. Bxb8 Rxf1+ 26. Bxf1 Ne3 27. Be2 Bc6 28. Na7 Bxg2+ 29. Kg1 Ba8 30. c5 Bd5 31. c6 Ne8 32. Nd4 Bc5 33. Ndb5 Nc4+ 34. Kf1 Nxb2 35. c7 Nxc7 36. Bxc7 g6 37. Bd6 Bb6 38. Bc7 Bc5 39. Bd6 Be3 40. Nc8 Bc4 41. Ne7+ Kh7 42. Ba3 Bxe2+ 43. Kxe2 Nc4 44. Nd6 Nxd6 45. Bxd6 Bd4 46. Nc6 Bf6 47. Kf3 g5 48. Be7 Bxe7 49. Nxe7 f5 50. Ke3 Kg7 51. Kd4 Kf6 52. Nc6 g4 53. Ne5 h4 54. Nd3 h3 55. Ke3 e5 56. Nf2 Kg5 57. Nd3 Kf6 58. Nf2 Ke6 0-1

[Event "Quebec op"]
[Site "Montreal CAN"]
[Date "1994.07.28"]
[Round "6"]
[White "O'Donnell, Tom"]
[Black "Solomons, Deon"]
[Result "1-0"]
[WhiteElo "2405"]
[BlackElo "2285"]
[PlyCount "49"]
[GameId "2160767912202303"]
[EventDate "1994.07.23"]
[EventType "swiss"]
[EventRounds "8"]
[EventCountry "CAN"]
[SourceTitle "EXT 94op"]

1. e4 c5 2. c3 e6 3. d4 d5 4. exd5 exd5 5. Nf3 Nc6 6. Be2 Bd6 7. dxc5 Bxc5 8. O-O Nge7 9. Nbd2 O-O 10. Nb3 Bb6 11. Re1 Re8 12. Bd3 h6 13. h3 Be6 14. Be3 Bxe3 15. Rxe3 Qd6 16. Nbd4 Nxd4 17. Nxd4 Nc6 18. Bf1 Rad8 19. Qa4 Re7 20. Rae1 Nxd4 21. Qxd4 b6 22. Rg3 g6 23. Qf6 Rdd7 24. Re5 d4 25. Bd3 1-0

[Event "Quebec op"]
[Site "Montreal CAN"]
[Date "1994.07.30"]
[Round "8"]
[White "Barbeau, Sylvain"]
[Black "O'Donnell, Tom"]
[Result "1/2-1/2"]
[WhiteElo "2428"]
[BlackElo "2356"]
[PlyCount "37"]
[GameId "2160767912202330"]
[EventDate "1994.07.23"]
[EventType "swiss"]
[EventRounds "8"]
[EventCountry "CAN"]
[SourceTitle "EXT 94op"]

1. e4 c5 2. Nc3 Nc6 3. g3 g6 4. Bg2 Bg7 5. d3 d6 6. Be3 e6 7. Qd2 Nge7 8. Nh3 Rb8 9. O-O b5 10. Bh6 O-O 11. Bxg7 Kxg7 12. Nd1 Qa5 13. Qf4 e5 14. Qh4 Qd8 15. Ne3 Ng8 16. Qxd8 Rxd8 17. f4 f6 18. Rf2 Rf8 19. a3 1/2-1/2

[Event "CAN-op"]
[Site "Winnipeg CAN"]
[Date "1994.07.09"]
[Round "1"]
[White "Aban, Anen"]
[Black "O'Donnell, Tom"]
[Result "0-1"]
[WhiteElo "1735"]
[BlackElo "2397"]
[PlyCount "66"]
[GameId "2160767912202355"]
[EventDate "1994.07.09"]
[EventType "swiss"]
[EventRounds "10"]
[EventCountry "CAN"]
[SourceTitle "EXT 97"]
[Source "ChessBase"]
[SourceDate "1997.11.17"]
[SourceVersion "1"]
[SourceVersionDate "1997.11.17"]
[SourceQuality "1"]

1. e4 c5 2. Nf3 d6 3. d4 cxd4 4. Nxd4 Nf6 5. Nc3 Nc6 6. Bc4 Qb6 7. Nb3 e6 8. O-O Be7 9. Be3 Qc7 10. Qe2 a6 11. a4 b6 12. h3 O-O 13. Rad1 Bb7 14. Rd2 Nb4 15. Bd3 d5 16. exd5 Nfxd5 17. Nxd5 Bxd5 18. c4 Bb7 19. Nd4 Nxd3 20. Qxd3 Rfd8 21. Qe2 Rd7 22. b3 Rad8 23. Nc2 Qc6 24. Ne1 Bb4 25. Rxd7 Rxd7 26. f3 Qd6 27. Nc2 Bc3 28. Rb1 e5 29. b4 e4 30. fxe4 Bxe4 31. c5 Qg6 32. Ne1 Bxb1 33. c6 Qxc6 0-1

[Event "CAN-op"]
[Site "Winnipeg CAN"]
[Date "1994.07.10"]
[Round "2"]
[White "O'Donnell, Tom"]
[Black "Roy, Louis"]
[Result "1-0"]
[WhiteElo "2397"]
[BlackElo "1994"]
[PlyCount "61"]
[GameId "2160767912202387"]
[EventDate "1994.07.09"]
[EventType "swiss"]
[EventRounds "10"]
[EventCountry "CAN"]
[SourceTitle "EXT 97"]
[Source "ChessBase"]
[SourceDate "1997.11.17"]
[SourceVersion "1"]
[SourceVersionDate "1997.11.17"]
[SourceQuality "1"]

1. e4 e6 2. d4 d5 3. Nd2 c5 4. exd5 Qxd5 5. Ngf3 cxd4 6. Bc4 Qd6 7. O-O Nf6 8. Nb3 Nc6 9. Nbxd4 Nxd4 10. Nxd4 Bd7 11. b3 Be7 12. a4 Qe5 13. Re1 Qh5 14. Be2 Qg6 15. Bf3 Rb8 16. Bf4 O-O 17. Bxb8 Rxb8 18. Qe2 Bb4 19. Red1 Bc3 20. Rab1 Nd5 21. Qe5 Re8 22. Qd6 Bc8 23. Bxd5 Bxd4 24. Rxd4 exd5 25. Qxg6 hxg6 26. Rxd5 Be6 27. Rc5 Rd8 28. Rc7 Rd2 29. h3 Bd5 30. Rd7 a6 31. Rc1 1-0

[Event "CAN-op"]
[Site "Winnipeg CAN"]
[Date "1994.07.10"]
[Round "3"]
[White "Kollar, Frank"]
[Black "O'Donnell, Tom"]
[Result "0-1"]
[WhiteElo "2196"]
[BlackElo "2397"]
[PlyCount "64"]
[GameId "2160767912202400"]
[EventDate "1994.07.09"]
[EventType "swiss"]
[EventRounds "10"]
[EventCountry "CAN"]
[SourceTitle "EXT 97"]
[Source "ChessBase"]
[SourceDate "1997.11.17"]
[SourceVersion "1"]
[SourceVersionDate "1997.11.17"]
[SourceQuality "1"]

1. c4 e6 2. Nf3 d5 3. d4 c6 4. e3 Nf6 5. Nc3 Nbd7 6. Bd3 dxc4 7. Bxc4 b5 8. Bd3 Bb7 9. O-O b4 10. Na4 Be7 11. e4 O-O 12. Qe2 c5 13. e5 Nd5 14. Nxc5 Nxc5 15. dxc5 Rc8 16. Qe4 g6 17. Bh6 Re8 18. Rac1 Qa5 19. Bb1 Rxc5 20. Rxc5 Qxc5 21. h4 Bf8 22. Bxf8 Qxf8 23. h5 Qh6 24. hxg6 hxg6 25. Nh2 Kg7 26. Ng4 Qh4 27. Nf6 Nf4 28. Nxe8+ Kh8 29. Qe1 Nh3+ 30. Kh2 Ng5+ 31. Kg1 Nf3+ 32. gxf3 Bxf3 0-1

[Event "CAN-op"]
[Site "Winnipeg CAN"]
[Date "1994.07.11"]
[Round "4"]
[White "O'Donnell, Tom"]
[Black "Spraggett, Kevin"]
[Result "1/2-1/2"]
[WhiteElo "2397"]
[BlackElo "2589"]
[PlyCount "42"]
[GameId "2160767912202423"]
[EventDate "1994.07.09"]
[EventType "swiss"]
[EventRounds "10"]
[EventCountry "CAN"]

1. e4 g6 2. d4 Bg7 3. Nc3 c6 4. Nf3 d6 5. Be3 Nf6 6. h3 O-O 7. a4 Nbd7 8. a5 Qc7 9. Qd2 Re8 10. Be2 e5 11. dxe5 dxe5 12. O-O Nf8 13. Rfd1 Ne6 14. b4 Bf8 15. Rdb1 Rd8 16. Qe1 Nd4 17. Bd1 h6 18. Na4 Ne6 19. Nd2 Nf4 20. f3 N6h5 21. Nf1 Kh7 1/2-1/2

[Event "CAN-op"]
[Site "Winnipeg CAN"]
[Date "1994.07.13"]
[Round "6"]
[White "Currie, James"]
[Black "O'Donnell, Tom"]
[Result "0-1"]
[WhiteElo "1982"]
[BlackElo "2397"]
[PlyCount "56"]
[GameId "2160767912202457"]
[EventDate "1994.07.09"]
[EventType "swiss"]
[EventRounds "10"]
[EventCountry "CAN"]
[SourceTitle "EXT 97"]
[Source "ChessBase"]
[SourceDate "1997.11.17"]
[SourceVersion "1"]
[SourceVersionDate "1997.11.17"]
[SourceQuality "1"]

1. e4 c5 2. Nf3 d6 3. d4 cxd4 4. Nxd4 Nf6 5. Nc3 Nc6 6. Be3 e5 7. Ndb5 a6 8. Nd5 Nxd5 9. exd5 axb5 10. dxc6 bxc6 11. c4 bxc4 12. Bxc4 d5 13. Bb3 Bb4+ 14. Kf1 O-O 15. Rc1 Bb7 16. Qg4 Qe7 17. a3 Bd6 18. h4 f5 19. Qh5 f4 20. Bc2 e4 21. Bd4 c5 22. Bc3 d4 23. Be1 Kh8 24. Bd2 c4 25. Kg1 d3 26. Bb1 e3 27. fxe3 fxe3 28. Bc3 Rf2 0-1

[Event "CAN-op"]
[Site "Winnipeg CAN"]
[Date "1994.07.14"]
[Round "7"]
[White "O'Donnell, Tom"]
[Black "Teodoro, Eduardo"]
[Result "1/2-1/2"]
[WhiteElo "2397"]
[BlackElo "2319"]
[PlyCount "80"]
[GameId "2160767912202489"]
[EventDate "1994.07.09"]
[EventType "swiss"]
[EventRounds "10"]
[EventCountry "CAN"]
[SourceTitle "EXT 97"]
[Source "ChessBase"]
[SourceDate "1997.11.17"]
[SourceVersion "1"]
[SourceVersionDate "1997.11.17"]
[SourceQuality "1"]

1. e4 c5 2. c3 d5 3. exd5 Qxd5 4. d4 Nc6 5. Nf3 Bg4 6. Be2 cxd4 7. cxd4 e6 8. Nc3 Qd8 9. h3 Bh5 10. O-O Nf6 11. a3 Bd6 12. Bg5 h6 13. Bxf6 Qxf6 14. d5 exd5 15. Qxd5 Bg6 16. Ne4 Bxe4 17. Qxe4+ Kf8 18. Rfe1 g6 19. Bf1 Kg7 20. Rad1 Rad8 21. b4 a6 22. Rc1 Qb2 23. Bxa6 Rhe8 24. Qc4 Rxe1+ 25. Rxe1 Nxb4 26. axb4 bxa6 27. Qxa6 Bxb4 28. Qb7 Rd6 29. Ne5 Rf6 30. Nd3 Qd2 31. Qxb4 Qxd3 32. Qb2 Qd6 33. Re3 Kh7 34. Qe5 Qb6 35. Re2 Qa6 36. Qb2 Rb6 37. Qa2 Qb7 38. Re1 Rb2 39. Qc4 Qd7 40. Qf4 Rb5 1/2-1/2